000 00519nam a2200181Ia 4500
008 090123s9999 xx 000 0 und d
082 _b135
100 _aकवठेकर द.र.
245 _aमुक्या कळ्या
250 _a3
260 _bदेशमुख रा.ज.
300 _a127
600 _aकवठेकर द.र.
630 _aमुक्या कळ्या
700 _aकवठेकर द.र.
730 _aमुक्या कळ्या
942 _cBOOK
999 _c38223
_d38223